Νεότερη ελληνική λογοτεχνία (19ος και 20ός αιώνας) : εγχειρίδιο μελέτης

Αποθηκεύτηκε σε:
Λεπτομέρειες βιβλιογραφικής εγγραφής
Συγγραφή απο Οργανισμό/Αρχή: Ελληνικό Ανοικτό Πανεπιστήμιο
Άλλοι συγγραφείς: Γαραντούδης, Ευριπίδης, 1964-
Μορφή: Βιβλίο
Γλώσσα:Greek
Δημοσίευση: Πάτρα : Ελληνικό Ανοικτό Πανεπιστήμιο, 2000
Θέματα:
Ετικέτες: Προσθήκη ετικέτας
Δεν υπάρχουν, Καταχωρήστε ετικέτα πρώτοι!

MARC

LEADER 00000cam a2200000 i 4500
001 1/44406
008 070516s2000 gre d
020 |a 960-538-263-6 
035 |l 10087851 
040 |a GR-MY-UA  |b gre  |e aacr 
041 0 |a gre 
082 0 |a 889  |2 (22) 
245 1 0 |a Νεότερη ελληνική λογοτεχνία (19ος και 20ός αιώνας) :  |b εγχειρίδιο μελέτης /  |c Ευριπίδης Γαραντούδης ... [και ά.] ; Ελληνικό Ανοικτό Πανεπιστήμιο 
260 |a Πάτρα :   |b Ελληνικό Ανοικτό Πανεπιστήμιο,   |c 2000 
300 |a 329 σ.;  |c 28 εκ.  
500 |a Σχολή Ανθρωπιστικών Σπουδών, Πρόγραμμα Σπουδών: Σπουδές στον Ελληνικό Πολιτισμό, Θεματική Ενότητα: Γράμματα ΙΙ: Νεοελληνική Φιλολογία (19ος και 20ός αιώνας) 
504 |a Περιέχει βιβλιογραφία 
650 0 0 |a Greek literature, Modern  |x History and criticism. 
650 0 0 |a Greek philology, Modern. 
700 1 |a Γαραντούδης, Ευριπίδης,   |d 1964- 
710 2 |a Ελληνικό Ανοικτό Πανεπιστήμιο. 
774 1 |t Γράμματα ΙΙ: νεοελληνική φιλολογία (19ος και 20ός αιώνας) 
852 |a INST  |b LESVOS  |e 20070516  |h 889 ΝΕΟ  |p 005100038492  |q 005100038492  |t BK  |y 0 
901 |a BIBL1-2007-2 
909 |a Λ  |b 132013 
970 |a ΧΑΤΖΗΜΙΧΑΗΛ  |b ΜΑΡΙΑ  |z 2007/05/16